U.S. States With the Highest Population In Their Average County - Statistics

General Stats
  • This quiz has been taken 68 times
  • The average score is 8 of 10
Answer Stats
Population of
Mean County
U.S. State % Correct
325,827 New York
95%
681,694 California
93%
321,465 Florida
90%
442,333 New Jersey
88%
502,137 Massachusetts
83%
450,743 Connecticut
78%
257,384 Maryland
73%
291,054 Hawaii
70%
329,983 Delaware
67%
446,969 Arizona
63%
No matching quizzes found
Score Distribution
Percent of People with Each Score
Percentile by Number Answered
Your Score History
You have not taken this quiz